000 01247cad a22002175a 4500
001 L137619
008 070419s2007 xxkd f s 000 0 eng d
035 _a(Sirsi) u137619
041 0 _aeng
050 0 4 _a332.6324 $2 18
110 2 _aInvestment Property Databank
_92288
245 0 0 _aIPD UK residential investment index 2006
260 _aLondon
_bIPD
_c2007
520 _aThe sixth year of results show the UK residential investment market making a return to mid-teen performance with assets let on modern leases generating an overall return to investors of 16.8% for the year, marking an end to three years of decelerating returns. Total returns for the year were in line with those on equities and only just below those on commercial property. A return to double digit performance was witnessed at the regional level, with the majority of regions achieving returns in excess of 11%.
590 _aKA
650 2 4 _aIPD UK RESIDENTIAL INVESTMENT INDEX
651 4 _aUnited Kingdom
_y
690 _aPROPERTY-RESIDENTIAL PROPERTY-RESIDENTIAL PROPERTY FINANCE AND INVESTMENT
856 4 0 _uhttps://www.ipdglobal.com/results/free_download/index_results/index_results.asp
_zView the item free of charge at www.ipdindex.co.uk...
942 _n0
999 _c106849
_d106849